All CTA Stations - Statistics

General Stats
  • This quiz has been taken 1,086 times
  • The average score is 96 of 153
Answer Stats
Stations % Correct
Clark/Lake
92%
O'Hare
92%
State/Lake
91%
Harlem/Lake
90%
Washington/Wabash
86%
Clark/Division
85%
Addison
84%
Howard
84%
Chicago
83%
Washington/Wells
83%
95th/Dan Ryan
82%
Lake
82%
Midway
81%
Washington
81%
54th/Cermak
79%
Belmont
78%
Ashland/63rd
77%
Jackson
76%
Fullerton
75%
Western
75%
Adams/Wabash
74%
Damen
74%
Harlem
72%
Monroe
72%
Roosevelt
72%
Kimball
71%
Rosemont
71%
Grand
70%
LaSalle/Van Buren
70%
North/Clybourn
70%
California
69%
Kedzie
69%
35th/Archer
68%
63rd
67%
Garfield
67%
Merchandise Mart
67%
Forest Park
66%
Ashland
65%
Dempster
65%
87th
64%
Loyola
64%
Irving Park
63%
Linden
63%
Oak Park
63%
69th
62%
79th
62%
Division
62%
LaSalle
62%
Cicero
61%
Clinton
61%
Jefferson Park
61%
UIC-Halsted
61%
Wilson
61%
Cottage Grove
60%
Montrose
60%
Bryn Mawr
59%
Central
59%
Harold Washington Library
59%
Logan Square
59%
Sheridan
59%
Argyle
58%
Cumberland
58%
Diversey
58%
Jarvis
58%
Pulaski
58%
Quincy
58%
47th
57%
Harrison
57%
Halsted
55%
Armitage
53%
Lawrence
53%
Sox-35th
53%
Dempster-Skokie
52%
Morse
52%
Cermak-Chinatown
51%
Main
51%
Paulina
51%
Sedgwick
51%
Thorndale
51%
Wellington
51%
Berwyn
50%
Polk
49%
Southport
49%
Granville
48%
Oakton-Skokie
48%
18th
47%
Austin
47%
Francisco
46%
Morgan
46%
Davis
45%
43rd
44%
Racine
44%
35th-Bronzeville-IIT
43%
51st
43%
Noyes
43%
King Drive
42%
Rockwell
41%
Foster
40%
Illinois Medical District
39%
South Boulevard
39%
Conservatory-Central Park Drive
38%
Indiana
36%
Cermak-McCormick Place
35%
Laramie
31%
Central Park
30%
Ridgeland
30%
Kedzie-Homan
27%
Kostner
27%
No matching quizzes found
Score Distribution
Percent of People with Each Score
Percentile by Number Answered
Your Score History
You have not taken this quiz